Aplicación práctica de la tasa normal y reducida del ISR, nuevo régimen de dividendos y reducciones de capital : actualizado con las disposiciones vigentes a partir del 2000 /

Gespeichert in:
Bibliographische Detailangaben
1. Verfasser: Novoa Franco, Jorge (autor)
Weitere Verfasser: Pérez Reguera, Alfonso (autor) (autor)
Format: Buch
Sprache:Spanisch
Veröffentlicht: México : Instituto Mexicano de Contadores Públicos, 2000, c2000
Ausgabe:2a edición
Schlagworte:
Tags: Tag hinzufügen
Keine Tags, Fügen Sie das erste Tag hinzu!

MARC

LEADER 00000nam^a2200000^a^4500
001 000119303
005 20250521000000.0
009 20260310094312.749
020 |a 970-665-052-0 
037 |a Acervo ITESO - Biblioteca 
041 |a ESP 
082 |a 343. 72052  |b NOV 
100 |a Novoa Franco, Jorge  |e (autor) 
245 1 0 |a Aplicación práctica de la tasa normal y reducida del ISR, nuevo régimen de dividendos y reducciones de capital :  |b actualizado con las disposiciones vigentes a partir del 2000 /  |c J. Novoa Franco, A. Pérez Reguera. 
250 |a 2a edición 
264 4 |a México :  |b Instituto Mexicano de Contadores Públicos,  |c 2000, c2000 
300 |a 148 p. 
336 |a texto  |b txt  |2 rdacontenido 
337 |a sin mediación  |b n  |2 rdamedio 
338 |a volumen  |b nc  |2 rdasoporte 
649 |a XX 
650 |a Impuestos sobre la Renta -  |z México -  |x Aspectos Jurídicos 
650 |a Empresas -  |z México -  |x Aspectos Jurídicos 
650 |a Derecho Fiscal -  |z México 
650 |a Derecho Financiero -  |z México 
650 |a Derecho Público -  |z México 
650 |a Contabilidad Fiscal 
650 |a Ciencias Administrativas 
700 |a Pérez Reguera, Alfonso  |e (autor) 
910 |a Fondo General 
920 |a Impresos - Libros 
930 |a Colección General 
905 |a 101 
901 |a 0500053922  |b IT1  |c ACC  |u 20250521 
902 |a https://opac.biblio.iteso.mx/vufind/Record/000119303